Johnny appleseed / (Record no. 6769)
[ view plain ]
| 000 -LEADER | |
|---|---|
| fixed length control field | 00949nam a22003017a 4500 |
| 001 - CONTROL NUMBER | |
| control field | 6769 |
| 003 - CONTROL NUMBER IDENTIFIER | |
| control field | FISKH |
| 005 - DATE AND TIME OF LATEST TRANSACTION | |
| control field | 20250826145117.0 |
| 008 - FIXED-LENGTH DATA ELEMENTS--GENERAL INFORMATION | |
| fixed length control field | 250527b cb ||||| |||| 00| 0 eng d |
| 020 ## - INTERNATIONAL STANDARD BOOK NUMBER | |
| International Standard Book Number | 9781618103017 |
| 040 ## - CATALOGING SOURCE | |
| Original cataloging agency | FISKH |
| Language of cataloging | eng |
| Transcribing agency | FISKH |
| Modifying agency | FISKH |
| 050 ## - LIBRARY OF CONGRESS CALL NUMBER | |
| Classification number | S944 |
| 082 ## - DEWEY DECIMAL CLASSIFICATION NUMBER | |
| Classification number | 813 |
| 100 ## - MAIN ENTRY--PERSONAL NAME | |
| Personal name | Suen, Anastasia |
| Dates associated with a name | (1956-) |
| 245 ## - TITLE STATEMENT | |
| Title | Johnny appleseed / |
| Statement of responsibility, etc. | By Anastasia Suen ; Illustrated by Ed Myer |
| 250 ## - EDITION STATEMENT | |
| Edition statement | This edition first published in 2013 |
| 260 ## - PUBLICATION, DISTRIBUTION, ETC. | |
| Place of publication, distribution, etc. | Florida : |
| Name of publisher, distributor, etc. | Rourkeeducation, |
| Date of publication, distribution, etc. | 2013 |
| 300 ## - PHYSICAL DESCRIPTION | |
| Extent | 24 pages : |
| Other physical details | color illustrations ; |
| Dimensions | 21 cm |
| 505 ## - FORMATTED CONTENTS NOTE | |
| Formatted contents note | G<br/> |
| 520 ## - SUMMARY, ETC. | |
| Summary, etc. | Sung to the tune "The Muffin Man," this rhyming title will have students giggling as they learn the tale of Johnny Appleseed.<br/> |
| 521 8# - TARGET AUDIENCE NOTE | |
| Target audience note | 350<br/> |
| Source | Lexile<br/> |
| 521 8# - TARGET AUDIENCE NOTE | |
| Target audience note | G<br/> |
| Source | Raz-Plus<br/> |
| 650 ## - SUBJECT ADDED ENTRY--TOPICAL TERM | |
| Source of heading or term | Folktale |
| Topical term or geographic name entry element | Retelling |
| 650 ## - SUBJECT ADDED ENTRY--TOPICAL TERM | |
| Source of heading or term | Picture book |
| Topical term or geographic name entry element | Trees |
| 700 ## - ADDED ENTRY--PERSONAL NAME | |
| Personal name | Myer, Ed |
| Dates associated with a name | illustrator |
| 942 ## - ADDED ENTRY ELEMENTS (KOHA) | |
| Source of classification or shelving scheme | Dewey Decimal Classification |
| Koha item type | Books |
| Suppress in OPAC | No |
| Withdrawn status | Lost status | Source of classification or shelving scheme | Damaged status | Not for loan | Collection | Home library | Current library | Shelving location | Date acquired | Total Checkouts | Full call number | Barcode | Date last seen | Date last checked out | Copy number | Price effective from | Koha item type |
|---|---|---|---|---|---|---|---|---|---|---|---|---|---|---|---|---|---|
| Dewey Decimal Classification | Juvenile Fiction | Footprints International School Library Network Toul Tom Poung Campus | Footprints International School Library Network Toul Tom Poung Campus | TTP Primary Green Bookshelves | 05/27/2025 | 1 | SUE 813 S944 | 2025-1402 | 07/24/2025 | 06/30/2025 | 1 | 05/27/2025 | Books | ||||
| Dewey Decimal Classification | Juvenile Fiction | Footprints International School Library Network Toul Tom Poung Campus | Footprints International School Library Network Toul Tom Poung Campus | TTP Primary Green Bookshelves | 08/26/2025 | SUE 813 S944 | FISTK00936 | 08/26/2025 | 2 | 08/26/2025 | Books |
